Techniques of economic analysis with applications
Αποθηκεύτηκε σε:
| Κύριος συγγραφέας: | |
|---|---|
| Άλλοι συγγραφείς: | |
| Μορφή: | Βιβλίο |
| Γλώσσα: | English |
| Δημοσίευση: |
New York, London :
Harvester,
1990
|
| Θέματα: | |
| Ετικέτες: |
Προσθήκη ετικέτας
Δεν υπάρχουν, Καταχωρήστε ετικέτα πρώτοι!
|
MARC
| LEADER | 00000nam a2200000 i 4500 | ||
|---|---|---|---|
| 001 | 1/50655 | ||
| 008 | 960422s1990 eng d | ||
| 020 | |a 0-7450-0375-3 | ||
| 035 | |l 10027040 | ||
| 040 | |a GR-MY-UA |b gre |e aacr | ||
| 041 | 0 | |a eng | |
| 082 | 0 | |a 330 | |
| 100 | 1 | |a Parikh, Ashok. | |
| 245 | 1 | 0 | |a Techniques of economic analysis with applications / |c Ashok Parikh, David Bailey |
| 260 | |a New York, London : |b Harvester, |c 1990 | ||
| 300 | |a 358 p. | ||
| 500 | |a Includes index | ||
| 650 | 0 | 0 | |a Economics. |
| 700 | 1 | |a Bailey, David. | |
| 852 | |a INST |b CHIOS |e 19960422 |h 330 PAR |p 005200003174 |q 005200003174 |t BK |y 0 | ||
| 909 | |a Χ |b 032304 | ||